Discovering science

Bibliographic Details
Main Author: Farndon, John
Other Authors: Graham, Ian
Format: Book
Published: US : Miles Kelly , 2004
Series:Grolier science library
Subjects:

MARC

LEADER 00000cam a2200000 7i4500
001 0000029746
005 20151222.0
008 100810
020 |a 1842362690 
090 0 0 |a SC   |b ENG 
100 1 |a Farndon, John 
245 1 0 |a Discovering science   |c John Farndon   |f Ian Graham 
260 |a US :   |b Miles Kelly ,   |c 2004 
440 |a Grolier science library 
500 |a Children ages 10-12 years old (pink) 
650 0 |a Science   |x juvenile literature 
700 1 |a Graham, Ian 
999 |a 0000113259   |b Book   |c Children Collection   |e Cawangan Muar 
999 |a 0001057918   |b Book   |c Children Collection   |e Perbadanan Perpustakaan Awam Johor 
999 |a 0001057919   |b Book   |c Children Collection   |e Cawangan Muar 
999 |a 0001073053   |b Book   |c Children Collection   |e Cawangan Kota Tinggi 
999 |a 0001132579   |b Book   |c Children Collection   |e Cawangan Bukit Gambir 
999 |a 0001132582   |b Book   |c Children Collection   |e Cawangan Taman Universiti 
999 |a 0001132583   |b Book   |c Children Collection   |e Cawangan Bandar Penawar 
999 |a 0001132585   |b Book   |c Children Collection   |e Cawangan Tangkak 
999 |a 0001132590   |b Book   |c Children Collection   |e Cawangan Pontian 
999 |a 0001132591   |b Book   |c Children Collection   |e Cawangan Segamat